Statistics for Countries that end in the letter "O''

Click here to take the quiz!

General Stats

  • This quiz has been taken 133 times
  • The average score is 11 of 12

Answer Stats

HintAnswer% Correct
AfricaTogo
97%
EuropeKosovo
95%
AfricaLesotho
93%
EuropeMonaco
92%
AfricaDemocratic Republic of the Congo
87%
AfricaRepublic of the Congo
87%
AmericasMexico
86%
AfricaMorocco
86%
EuropeSan Marino
86%
EuropeMontenegro
85%
AmericasTrinidad and Tobago
85%
AfricaBurkina Faso
80%

Score Distribution

Percentile by Number Answered

Percent of People with Each Score

Your Score History

You have not taken this quiz